000 01376nam a2200373 a 4500
001 000109300
003 CHAP
005 20220329144045.0
008 140416s2013 mx sm |||||||spa d
010 _a105762
011 _a106734
040 _cCHAP
090 _aTesis
100 1 _aCastillo Miramontes, Santiago
_9126650
245 1 0 _aMateriales de ajo (Allium sativum L.) Chilac y Zacatecas sometidos a tratamientos de frio y tamaño de semilla en Tlaxco, Tlaxcala
_h[En línea]
_cpor Santiago Castillo Miramontes y Raul García Muñoz.
260 _aChapingo, Méx. :
_bEl autor,
_c2013.
500 _aPara ver el contenido del material haga clic en la liga
502 _aTesis (Ing. Agr. Esp. en Fitotecnia) -- UACH. Fitotecnia
590 _aBATCH-UPD
_b10
_c20141002
_lUCH01
_h0901
590 _aBATCH
_b00
_c20181121
_lUCH01
_h0759
590 _aE11695DGD
_b10
_c20140428
_lUCH01
_h1415
590 _aE5765TAJ
_b05
_c20140416
_lUCH01
_h0947
590 _aE5765TAJ
_b05
_c20140416
_lUCH01
_h0948
590 _aE5765TAJ
_b05
_c20140421
_lUCH01
_h0836
650 1 4 _aAjo
_xGenética.
_93191
650 1 4 _aAjo
_xVariedades.
_93217
650 1 4 _aVernalización.
_9118928
700 1 _aGarcía Muñoz, Raul
_9126651
856 _a1
_n0001430
856 _aFinding aid
_uhttp://10.13.5.2/tesis/sist109300.pdf
_zTeclea aquí
901 _aBK
942 _cTESIS
942 _n0
999 _c105762
_d105762